书目信息 |
| 题名: |
MicroRNA:从科学到疾病生物学
|
|
| 作者: | 阿帕萨尼 ;屈良鹄 , 陈月琴 | |
| 分册: | ||
| 出版信息: | 北京 科学出版社 2010 |
|
| 页数: | 449 | |
| 开本: | 26cm | |
| 丛书名: | ||
| 单 册: | ||
| 中图分类: | Q52 | |
| 科图分类: | ||
| 主题词: | 核酸 | |
| 电子资源: | ||
| ISBN: | 978-7-03-028689-5 | |
| 000 | 00671nam0 2200205 450 | |
| 001 | 1735846483 | |
| 005 | 20170410095726.48 | |
| 010 | @a978-7-03-028689-5 | |
| 100 | @a20170410d km y0chiy0120 ea | |
| 101 | 0 | @achi |
| 200 | 1 | @aMicroRNA:从科学到疾病生物学@AMicroRNA:cong ke xue dao ji bing sheng wu xue@f(美)阿帕萨尼@F(mei)a pa sa ni@g陈月琴,屈良鹄@Gchen yue qin,qu liang hu |
| 210 | @a北京@c科学出版社@d2010 | |
| 215 | @a449@c彩图@d26cm | |
| 606 | 0 | @a核酸 |
| 690 | @aQ52@v4 | |
| 701 | 0 | @a阿帕萨尼@Aa pa sa ni |
| 702 | 0 | @a屈良鹄@Aqu liang hu |
| 702 | 0 | @a陈月琴@Achen yue qin |
| 801 | 0 | @aCN@b大连网信软件有限公司图书馆·11@c20170410 |
| 905 | @b6604074@dQ52@en4@f1 | |
| MicroRNA:从科学到疾病生物学/(美)阿帕萨尼/陈月琴,屈良鹄.-北京:科学出版社,2010 |
| 449:彩图;26cm |
| ISBN 978-7-03-028689-5: |
| ● |
| 相关链接 |
|
|
|
|
正题名:MicroRNA:从科学到疾病生物学
索取号:Q52/n4
 
预约/预借
| 序号 | 登录号 | 条形码 | 馆藏地/架位号 | 状态 | 备注 |
| 1 | 6604074 | 266040740 | 生命科学系资料室/ [索取号:Q52/n4] | 在馆 |